Science Quiz

Random Science Quiz
Score 0/11 Timer 15:00
0 Plays Today
x x % Correct
Type of fluoroquinolone most active against G- bacteria Ciprofloxacin
82.6%
Type of fluoroquinolone that has superior activity against G+Levofloxacin
73.9%
Blocks DNA synthesis by inhibiting Topoisomerase II (DNA gyrase) and Topoisomerase IV Fluoroquinolone
67.4%
A pyrimidine derivative that selectively inhibits DHFR and used to treat UTI. Its adverse reactions include megaloblastic anemia and granulocytopenia.Trimethoprim
60.9%
Sulfonamide used in ulcerative colitis and inflammatory bowel disease.Sulfasalazine
52.2%
PABA analog that inhibits Dihydropteroate Synthase and used to treat Urinary Tract Infection.Sulfonamide
50%
Side effects of this drug are Crystalluria, Stevens-Johnson syndrome, and Hematopoietic disturbance. Sulfonamide
43.5%
Name a side effect of fluoroquinolonesArrythmia or Arthropathy or Tendinitis
30.4%
Drug used for prophylaxis and treatment of anthrax, UTI, bacterial diarrhea, and RTI Fluoroquinolone
28.3%
Drug that compromises the effect of penicillinTetracycline
28.3%
Used to treat Pneumocystis jirovecci pneumonia and ToxoplasmosisTMP-SMZ
23.9%
Remove Ads.
Support Sporcle.
Get the best of Sporcle when you Go Orange. This ad-free experience offers more features, more stats, and more fun while also helping to support Sporcle. Thank you for becoming a member.

You're not logged in!

Compare scores with friends on all Sporcle quizzes.
OR
Log In

Show Comments

Extras

Created Nov 2, 2010ReportNominate
Tags:antibiotic

Top Quizzes Today


Score Distribution

Your Account Isn't Verified!

In order to create a playlist on Sporcle, you need to verify the email address you used during registration. Go to your Sporcle Settings to finish the process.

Report this User

Report this user for behavior that violates our Community Guidelines.

Details: